| 000 | 01992nam a2200265 a 4500 | ||
|---|---|---|---|
| 003 | DO-SdBNP | ||
| 005 | 20240226130804.0 | ||
| 008 | 220513e2016 dr ao||er|||| 001 edspa d | ||
| 020 | _a9789945588729 | ||
| 040 |
_aDO-SdBNP _bspa _cBNPHU |
||
| 082 | 4 |
_222 _bV635t |
|
| 100 | 1 |
_aVicioso, Sherezada, _d1948- _919504 |
|
| 245 | 1 | 3 |
_aEl teatro según Chiqui Vicioso : _b(antología). / _cChiqui Vicioso |
| 260 |
_aSanto Domingo : _bDirección General de la Feria del Libro, _c2016 |
||
| 300 |
_a273 p. : _bil. fotogr. ; _c23 cm. |
||
| 500 | _aIncluye datos biográficos del autor en las solapas de las cubiertas. | ||
| 505 |
_aPresentación. _gObras: _tEl teatro dominicano : una visión femenina o de género -- _tTrago amargo, Wish-ky sour.-- _tPerrerías.-- _tNuyor islas.-- _tSalomé U : cartas a una ausencia.-- _tMagdalena.-- _tObra.-- _tLa carrera.-- _tAndrea Evangelina Rodríguez -- _gEnsayos críticos sobre teatro. _tCamila Henríquez Ureña, la hermana menor de Shakespeare.-- _tPor el Edén de doña Carmen -- _gCríticas teatrales. _tTestimonio, espiritualidad y resistencia en el teatro de Chiqui Vicioso / _rVivian Martínez Tabares ; _tEntre el amor y la ausencia : Salomé Ureña a través de Chiqui Vicioso / _rBeatriz J. Rizk.-- _t La subversión de las reglas del juego en el discurso femenino/feminista : Trago amargo/Wish-ky sour (1997), de Chiqui Vicioso.-- _tLa dramaturgia de la inmigración : Nuyor/Islas de Chiqui Vicioso.-- _tUna visita de Chiqui Vicioso a Andrea Evangelina / _rNancy Morejón.-- _tEn Casa de las Américas : la dominicanidad en el teatro de Chiqui Vicioso / _rYolanda Ricardo.-- _tAutoras de los ensayos críticos. |
||
| 590 | _aInventariado 2022 / MF | ||
| 600 | 1 | 0 |
_aVicioso, Sherezada, _d1948- _919504 |
| 650 | 4 |
_97662 _aCrítica e Interpretación _xRepública Dominicana |
|
| 650 | 4 |
_aVicioso, Sherezada, -- 1948- -- _xSaber-- Teatro _981608 |
|
| 650 | 4 |
_924515 _aTeatro _xHistoria y Crítica _zRepública Dominicana |
|
| 910 | _aMFeliz | ||
| 942 |
_2ddc _cLBS1 |
||
| 999 |
_c51717 _d51717 |
||